Els arxius municipals a les comarques barcelonines / realitzat per l'Associació d'Arxivers de Catalunya per encàrrec de la Diputació de Barcelona
Descripción Física:
175 p. ; 30 cm
MARC
| LEADER | 00000nam a2200000Ia 4500 | ||
|---|---|---|---|
| 001 | 20508 | ||
| 008 | 160829s1988 xx 000 0 cat d | ||
| 080 | |a A-2-321 | ||
| 110 | 2 | |a Associació d'Arxivers de Catalunya |9 52966 | |
| 245 | |a Els arxius municipals a les comarques barcelonines / realitzat per l'Associació d'Arxivers de Catalunya per encàrrec de la Diputació de Barcelona | ||
| 260 | |a Barcelona : |b Diputació de Barcelona, |c 1988 | ||
| 300 | |a 175 p. ; |c 30 cm | ||
| 590 | |a A la coberta: Els arxius municipals de Barcelona | ||
| 650 | 0 | |a Arxius municipals |x Barcelona (Província) |9 50534 | |
| 710 | 1 | |a Barcelona (Catalunya : Província). |b Diputació |9 52408 | |
| 901 | |a Arxiu | ||
| 942 | |n 1 | ||
| 952 | |0 0 |1 0 |4 0 |6 A2321 |7 1 |9 53064 |a Arxiu |b Arxiu |d 2016-12-01 |l 0 |o A-2-321 |p 20508 |r 2016-12-01 00:00:00 |w 2016-12-01 |y ARXIU | ||
| 999 | |c 56913 |d 56913 | ||